Régimen especial de concesión de explotación. Artículo 23 de la ley de IVA (Registro nro. 19740)

Detalles MARC
000 -LEADER
fixed length control field 00361 a2200109 4500
001 - CONTROL NUMBER
control field ART_38290
005 - DATE AND TIME OF LATEST TRANSACTION
control field 20260410161752.0
008 - FIXED-LENGTH DATA ELEMENTS--GENERAL INFORMATION
fixed length control field 260409a
100 1# - MAIN ENTRY--PERSONAL NAME
Personal name Mastandrea, Alberto F.
245 10 - TITLE STATEMENT
Title Régimen especial de concesión de explotación. Artículo 23 de la ley de IVA
773 0# - HOST ITEM ENTRY
Title Doctrina tributaria
Related parts - Nº 411 (jun. 2014)
Record control number REV4296

No hay ítems disponibles.